000 00476nam a22001817a 4500
003 OSt
008 240220b |||||||| |||| 00| 0 eng d
020 _a978-1-4390-4273-1
041 _aeng
082 _a631.3
_bHER/AG
100 _aHerren,Ray. V
_9449
245 _aAgricultural Mechanics:Fundamentals and Applications
250 _a6th
260 _aAustralia
_bDelmar Cengage Learning
_c2010
300 _a896
_ePB
650 _aAgricultural mechanics
_998
942 _cBK
999 _c14104
_d14104